00891 a2200229 4500952013900000999001700139020002500156050001900181100003500200245009100235250002000326264004700346300002300393336002600416337002800442338002700470504006700497650001400564650001900578700003100597942003300628 001040708NFICaCCLbCCLcGENd2024-03-19ePurchasel1oD 840 YOU 2013p033155r2024-05-08 00:00:00s2024-04-26tc.1w2024-03-19yBK c11168d11168 a9780199693061 (pbk.)00aD840bYOU 20131 aYoung, John W.,d1957-eauthor10aInternational relations since 1945 :ba global history /cJohn W. Young and John Kent. aSecond Edition. 1aOxford :bOxford University Press,c[2013] axxxii, 659 pages ; atext2rdacontentbtxt aunmediated2rdamediabn avolume2rdacarrierbnc aIncludes bibliographical references (pages 625-640) and index. 0aCold War. 0aWorld politics1 aKent, John,d1949-eauthor 2lcccBKesecondh840iYOUkD